Literatura obcojęzyczna z imieniem w tytule. - Statystyki

Ogólne statystyki
  • Ten quiz został rozwiązany 164 razy
  • Średni wynik to 9 z 16
Statystyki odpowiedzi
Autor Tytuł Odpowiedź % Poprawnych
Lucy Maud Montgomery ___ z Zielonego Wzgórza Ania z Zielonego Wzgórza
99%
Lewis Carroll ___ w krainie czarów Alicja w krainie czarów
97%
Michaił Bułhakow Mistrz i ___ Mistrz i Małgorzata
97%
Mark Twain Przygody ___ Sawyera Przygody Tomka Sawyera
96%
Lew Tołstoj ___ Karenina Anna Karenina
93%
Charles Dickens ___ Copperfield David Copperfield
82%
Harriet Beecher Stowe Chata wuja ___ Chata wuja Toma
64%
Charlotte Bronte Dziwne losy ___ Eyre Dziwne losy Jane Eyre
60%
Joseph Conrad Lord ___ Lord Jim
57%
Anton Czechow Wujaszek ___ Wujaszek Wania
43%
William Szekspir Antoniusz i ___ Antoniusz i Kleopatra
39%
Aleksander Puszkin ___ Oniegin Eugeniusz Oniegin
39%
Jack London ___ Eden Martin Eden
26%
Sigrid Undset ___, córka Lavransa Krystyna, córka Lavransa
19%
Honoriusz Balzak ___ Grandet Eugenia Grandet
16%
August Strindberg Panna ___ Panna Julia
9%
Nie znaleziono quizów pasujących do podanych kryteriów
Rozkład punktacji
Procent ludzi z każdym wynikiem
Percentyl według liczby udzielonych odpowiedzi
Twoja historia wyników
Nie rozwiązałeś tego quizu